000 00594pam a2200205 a 4500
999 _c112028
_d112028
001 16003417
005 20190413092126.0
008 091201s2009 ne a b 001 0 eng
020 _a9780123742865
040 _cPK-LaUMT
082 _a615.956
_bSHI-I
100 1 _aShibamoto, Takayuki
245 1 0 _aIntroduction to food toxicology /
_cby Takayuki Shibamoto and Leonard Bjeldanes
250 _a2nd ed.
260 _aAmsterdam ;
_aBoston :
_bElsevier/AP,
_c2009
300 _ax, 309 p. :
_bill. ;
_c24 cm.
650 0 _aFood
_xToxicology.
700 1 _aBjeldanes, Leonard F.
942 _cBK